Bjulleten' inostrannoj kommerčeskoj informacii

Na minha lista:
Detalhes bibliográficos
Formato: Periódico
Idioma:russo
Publicado em: Moskva Vsesoj. nauč. issled. kon'junkt. inst. 1986
Tags: Adicionar Tag
Sem tags, seja o primeiro a adicionar uma tag!

MARC

LEADER 00000nas2a2200000 4500
001 s033294
005 20250730114143.9
041 0 |a rus 
044 |a RU 
245 1 0 |a Bjulleten' inostrannoj kommerčeskoj informacii 
264 1 |a Moskva  |b Vsesoj. nauč. issled. kon'junkt. inst.  |c 1986 
300 |a 3 zv. 
773 0 |w eu_un_cat*0008266